006400000a22001810004500090001300000100003400013700002900047245012500076044001300201041001400214690003200228690003400260690003200294651002800326942001300354773007400367999001700441 aSERIADAS1 aMonroy López, Mario91007401 aSolano, Oscar D.910030710aOphiothrix synoecina (Echinodermata: Ophiuroidea: Ophiotrichidae)sespecie endémica y vulnerable del Caribe colombiano aColombia0 aEspañol aEspecies vulnerables921076 aInvertebrados marinos9100741 aEspecies endémicas992935 4pColombialCaribe992749 cARTICULO1 tBoletín de Investigaciones Marinas y Costerash1q191-196d2008g37 c16396d16396